[Event "Titled Tuesday intern op 01st Apr Early"]
[Site "Chess.com INT"]
[Date "2025.04.01"]
[Round "1"]
[White "Atakhan, Abtin"]
[Black "Nersisyan, Garnik"]
[Result "1-0"]
[WhiteElo "2416"]
[BlackElo "2035"]
[PlyCount "49"]
[EventDate "2025.04.01"]
[EventType "swiss (blitz)"]
[EventRounds "11"]
[EventCountry "USA"]
[SourceTitle "CB15_2025"]
[SourceDate "2025.04.09"]
[SourceVersion "1"]
[SourceVersionDate "2025.04.09"]
[SourceQuality "1"]

1. d4 e6 2. c4 d6 3. Nc3 Bd7 4. e4 Nf6 5. Nf3 c5 6. dxc5 dxc5 7. e5 Ng8 8. Bd3 Bc6 9. Bf4 Ne7 10. Qe2 Ng6 11. Bg3 Be7 12. h4 0-0 13. h5 Nh8 14. 0-0-0 Qa5 15. Bb1 Na6 16. Qd3 g6 17. Qe3 Bxf3 18. gxf3 Rfd8 19. hxg6 Rxd1+ 20. Nxd1 Nxg6 21. Qh6 Rd8 22. Bxg6 fxg6 23. Qxh7+ Kf8 24. Qh8+ Kf7 25. Rh7# 1-0

[Event "Titled Tuesday intern op 01st Apr Early"]
[Site "Chess.com INT"]
[Date "2025.04.01"]
[Round "8"]
[White "Barria Zuniga, Daniel"]
[Black "Nersisyan, Garnik"]
[Result "1/2-1/2"]
[WhiteElo "2341"]
[BlackElo "2035"]
[PlyCount "181"]
[EventDate "2025.04.01"]
[EventType "swiss (blitz)"]
[EventRounds "11"]
[EventCountry "USA"]
[SourceTitle "CB15_2025"]
[SourceDate "2025.04.09"]
[SourceVersion "1"]
[SourceVersionDate "2025.04.09"]
[SourceQuality "1"]

1. d4 e6 2. c4 Nf6 3. Nf3 d5 4. Nc3 Bb4 5. Qa4+ Nc6 6. e3 0-0 7. Bd2 Bd7 8. Qc2 a5 9. Rd1 Bxc3 10. bxc3 Ne4 11. Bd3 f5 12. 0-0 Ne7 13. Ne5 c6 14. Rb1 Nxd2 15. Qxd2 dxc4 16. Bxc4 b5 17. Be2 Nd5 18. c4 bxc4 19. Bxc4 Be8 20. Rb7 Rb8 21. Rfb1 Rxb7 22. Rxb7 Qa8 23. Qb2 a4 24. Bxd5 cxd5 25. Qb4 Qd8 26. a3 f4 27. Qe7 Qxe7 28. Rxe7 fxe3 29. fxe3 Bb5 30. h3 Rf1+ 31. Kh2 Ra1 32. Rxe6 Rxa3 33. Rd6 Be8 34. Rxd5 Rxe3 35. Ra5 g5 36. Ra7 h5 37. Kg1 Rb3 38. Kf2 a3 39. g3 Rb4 40. Ke3 Rb3+ 41. Ke4 Rxg3 42. Kf5 g4 43. hxg4 hxg4 44. Nxg4 Rd3 45. Nf6+ Kf8 46. Ra8 Rxd4 47. Rxe8+ Kf7 48. Ra8 Rd3 49. Ne4 Rb3 50. Ke5 Kg6 51. Ra5 Kf7 52. Kd4 Rf3 53. Nc3 Ke7 54. Kc4 Rf1 55. Rxa3 Kd6 56. Ra5 Kc7 57. Rc5+ Kb6 58. Rb5+ Kc6 59. Rc5+ Kb6 60. Nd5+ Kb7 61. Rb5+ Kc6 62. Rb6+ Kd7 63. Kc5 Rc1+ 64. Kd4 Rd1+ 65. Ke4 Re1+ 66. Ne3 Kc7 67. Rb3 Rh1 68. Rc3+ Kb6 69. Nd5+ Kb5 70. Rc8 Rh4+ 71. Nf4 Kb6 72. Rc3 Kb5 73. Rb3+ Kc4 74. Re3 Kb5 75. Re1 Kc6 76. Ke5 Rh2 77. Rc1+ Kb5 78. Nd5 Re2+ 79. Kd4 Rd2+ 80. Ke4 Rh2 81. Nf4 Kb4 82. Rb1+ Kc3 83. Rg1 Kb4 84. Rg3 Kc5 85. Rc3+ Kb4 86. Rc8 Kb5 87. Kd4 Kb6 88. Nd5+ Kb7 89. Rc4 Rh4+ 90. Kc5 Rxc4+ 91. Kxc4 1/2-1/2

[Event "Titled Tuesday intern op 01st Apr Early"]
[Site "Chess.com INT"]
[Date "2025.04.01"]
[Round "2"]
[White "Bharadia, Yash"]
[Black "Nersisyan, Garnik"]
[Result "1-0"]
[WhiteElo "2368"]
[BlackElo "2035"]
[PlyCount "55"]
[EventDate "2025.04.01"]
[EventType "swiss (blitz)"]
[EventRounds "11"]
[EventCountry "USA"]
[SourceTitle "CB15_2025"]
[SourceDate "2025.04.09"]
[SourceVersion "1"]
[SourceVersionDate "2025.04.09"]
[SourceQuality "1"]

1. e4 e6 2. d4 d5 3. Nd2 dxe4 4. Nxe4 Nd7 5. Nf3 Be7 6. Bd3 b6 7. 0-0 Bb7 8. Re1 Ngf6 9. Neg5 Nf8 10. Ne5 Qd5 11. f3 Qxd4+ 12. Kh1 0-0-0 13. Ngxf7 Ng6 14. Nxd8 Rxd8 15. Qe2 Bd6 16. Bxg6 hxg6 17. Bg5 Rh8 18. Rad1 Qxb2 19. Rxd6 cxd6 20. Nf7 Rf8 21. Qxe6+ Nd7 22. Nxd6+ Kc7 23. Nxb7 Kxb7 24. Qxd7+ Ka6 25. Qa4+ Kb7 26. Re7+ Kc8 27. Qd7+ Kb8 28. Bf4+ 1-0

[Event "Titled Tuesday intern op 01st Apr Early"]
[Site "Chess.com INT"]
[Date "2025.04.01"]
[Round "3"]
[White "Nersisyan, Garnik"]
[Black "Diaz Garcia, Lianet"]
[Result "1-0"]
[WhiteElo "2035"]
[BlackElo "1991"]
[PlyCount "53"]
[EventDate "2025.04.01"]
[EventType "swiss (blitz)"]
[EventRounds "11"]
[EventCountry "USA"]
[SourceTitle "CB15_2025"]
[SourceDate "2025.04.09"]
[SourceVersion "1"]
[SourceVersionDate "2025.04.09"]
[SourceQuality "1"]

1. e4 c5 2. Nc3 a6 3. d3 b5 4. g3 Bb7 5. Bg2 g6 6. Be3 d6 7. Qd2 Bg7 8. Nge2 e6 9. 0-0 h5 10. h3 Ne7 11. Rae1 Nbc6 12. Nd1 Nd4 13. c3 Nxe2+ 14. Qxe2 Rc8 15. Qd2 Qa5 16. a3 Qc7 17. f4 d5 18. f5 gxf5 19. exf5 Qxg3 20. f6 Bxf6 21. Rxf6 d4 22. Bf4 Qg7 23. Be5 Rg8 24. Rf2 Qg6 25. Kh2 f6 26. Bxb7 fxe5 27. Rg2 1-0

[Event "Titled Tuesday intern op 01st Apr Early"]
[Site "Chess.com INT"]
[Date "2025.04.01"]
[Round "5"]
[White "Nersisyan, Garnik"]
[Black "Mirza, Diana"]
[Result "1/2-1/2"]
[WhiteElo "2035"]
[BlackElo "1965"]
[PlyCount "111"]
[EventDate "2025.04.01"]
[EventType "swiss (blitz)"]
[EventRounds "11"]
[EventCountry "USA"]
[SourceTitle "CB15_2025"]
[SourceDate "2025.04.09"]
[SourceVersion "1"]
[SourceVersionDate "2025.04.09"]
[SourceQuality "1"]

1. e4 d5 2. Nc3 dxe4 3. Nxe4 Nf6 4. Nxf6+ exf6 5. d4 Bd6 6. Bd3 0-0 7. Ne2 Nc6 8. 0-0 Bg4 9. c3 Qd7 10. Qc2 g6 11. h3 Be6 12. Bh6 Rfe8 13. Nf4 Bf8 14. Bxf8 Rxf8 15. Rfe1 Ne7 16. Nxe6 fxe6 17. Qb3 Nd5 18. Bc4 c6 19. Bxd5 exd5 20. Re3 Rfe8 21. Rae1 Rxe3 22. Rxe3 Kf7 23. Qb4 b6 24. a4 Re8 25. a5 Rxe3 26. fxe3 Qe7 27. Qxe7+ Kxe7 28. axb6 axb6 29. Kf2 Kd6 30. Kf3 c5 31. Kf4 Kc6 32. e4 cxd4 33. cxd4 dxe4 34. Kxe4 Kd6 35. g4 b5 36. d5 f5+ 37. gxf5 gxf5+ 38. Kxf5 Kxd5 39. h4 b4 40. h5 Kc4 41. Kg5 Kb3 42. Kh6 Kxb2 43. Kxh7 Ka2 44. h6 b3 45. Kg8 b2 46. h7 b1Q 47. h8Q Qb3+ 48. Kh7 Qh3+ 49. Kg7 Qg4+ 50. Kf7 Qc4+ 51. Kg6 Qg4+ 52. Kf7 Qd7+ 53. Kg6 Qd3+ 54. Kf7 Qd7+ 55. Kg6 Qg4+ 56. Kf7 1/2-1/2

[Event "Titled Tuesday intern op 01st Apr Early"]
[Site "Chess.com INT"]
[Date "2025.04.01"]
[Round "9"]
[White "Nersisyan, Garnik"]
[Black "Pein, Jonathan"]
[Result "0-1"]
[WhiteElo "2035"]
[BlackElo "2254"]
[PlyCount "112"]
[EventDate "2025.04.01"]
[EventType "swiss (blitz)"]
[EventRounds "11"]
[EventCountry "USA"]
[SourceTitle "CB15_2025"]
[SourceDate "2025.04.09"]
[SourceVersion "1"]
[SourceVersionDate "2025.04.09"]
[SourceQuality "1"]

1. e4 d5 2. Nc3 d4 3. Nce2 e5 4. d3 c5 5. h3 Nc6 6. g3 f6 7. Bg2 Be6 8. f4 Bd6 9. Nf3 Qd7 10. c4 dxc3 11. bxc3 0-0-0 12. Be3 Be7 13. f5 Bf7 14. d4 cxd4 15. cxd4 exd4 16. Nexd4 Nxd4 17. Qxd4 Qxd4 18. Nxd4 Bb4+ 19. Kf2 Ne7 20. a3 Bd6 21. Nb5 a6 22. Rhc1+ Nc6 23. Nxd6+ Rxd6 24. Bf4 Rd7 25. e5 fxe5 26. Bxe5 Bd5 27. Bf4 Bxg2 28. Kxg2 Rf8 29. Rc5 Rdf7 30. Bd6 Rd8 31. Bf4 Rd3 32. a4 Re7 33. Ra2 Re4 34. a5 Red4 35. Rac2 Rd5 36. Rxc6+ bxc6 37. Rxc6+ Kd8 38. Rxa6 Rxf5 39. Ra8+ Ke7 40. h4 h6 41. a6 g5 42. hxg5 hxg5 43. Bc7 g4 44. Bf4 Ra5 45. Kf1 Ra2 46. Bg5+ Kf7 47. Rd8 Rf3+ 48. Ke1 Rxg3 49. Rd7+ Kg6 50. Bd2 Rxa6 51. Kf2 Rf3+ 52. Ke2 Ra2 53. Rd4 Kh5 54. Rd8 Rh3 55. Rd5+ Kg6 56. Rd6+ Kf5 0-1

[Event "Titled Tuesday intern op 01st Apr Early"]
[Site "Chess.com INT"]
[Date "2025.04.01"]
[Round "11"]
[White "Nersisyan, Garnik"]
[Black "Vandan, Alankar Sawai"]
[Result "0-1"]
[WhiteElo "2035"]
[BlackElo "2131"]
[PlyCount "60"]
[EventDate "2025.04.01"]
[EventType "swiss (blitz)"]
[EventRounds "11"]
[EventCountry "USA"]
[SourceTitle "CB15_2025"]
[SourceDate "2025.04.09"]
[SourceVersion "1"]
[SourceVersionDate "2025.04.09"]
[SourceQuality "1"]

1. e4 e6 2. Nc3 d5 3. d3 c5 4. g3 Nc6 5. Bg2 d4 6. Nce2 Bd6 7. f4 e5 8. Nf3 Nge7 9. 0-0 f6 10. c4 Bd7 11. Bd2 Qc7 12. f5 0-0-0 13. g4 g6 14. g5 gxf5 15. gxf6 Ng6 16. Ng5 f4 17. Nf7 Rdf8 18. Nxh8 Nxh8 19. Qe1 Ng6 20. h4 Rxf6 21. h5 Nf8 22. Qh4 Be7 23. Qh2 Ne6 24. Kf2 Ng5 25. Ng1 Qb6 26. b3 Nb4 27. Bxb4 Qxb4 28. Rad1 Qc3 29. Nf3 Nxe4+ 30. dxe4 Qe3# 0-1

[Event "Titled Tuesday intern op 01st Apr Early"]
[Site "Chess.com INT"]
[Date "2025.04.01"]
[Round "7"]
[White "Sadek, Sameh"]
[Black "Nersisyan, Garnik"]
[Result "1-0"]
[WhiteElo "2282"]
[BlackElo "2035"]
[PlyCount "97"]
[EventDate "2025.04.01"]
[EventType "swiss (blitz)"]
[EventRounds "11"]
[EventCountry "USA"]
[SourceTitle "CB15_2025"]
[SourceDate "2025.04.09"]
[SourceVersion "1"]
[SourceVersionDate "2025.04.09"]
[SourceQuality "1"]

1. d4 e6 2. Nf3 Nf6 3. e3 d5 4. Bd3 Bd6 5. 0-0 b6 6. c4 Bb7 7. Nbd2 0-0 8. b3 Nbd7 9. Bb2 c5 10. dxc5 Nxc5 11. Bc2 Nce4 12. cxd5 Bxd5 13. Qe2 Rc8 14. Nxe4 Bxe4 15. Bxf6 Bxf3 16. Qd3 Bxh2+ 17. Kxh2 Qxd3 18. Bxd3 gxf6 19. gxf3 f5 20. Rg1+ Kh8 21. Kg3 Rc3 22. Rgd1 Kg7 23. f4 Kf6 24. Kf3 h5 25. Ke2 h4 26. Rac1 Rxc1 27. Rxc1 h3 28. Rh1 Rh8 29. Kf3 Ke7 30. Kg3 Rd8 31. Bc4 Rd2 32. a4 Rb2 33. Rxh3 a6 34. Bxa6 Rxb3 35. Bb5 Rc3 36. Rh8 Kd6 37. Rd8+ Ke7 38. Rd7+ Kf6 39. Rb7 Kg6 40. Be8 Rc4 41. Bxf7+ Kf6 42. Be8 Rb4 43. a5 bxa5 44. Rxb4 axb4 45. Ba4 Kg6 46. Bb3 Kf6 47. Kh4 e5 48. Kh5 exf4 49. exf4 1-0

[Event "Titled Tuesday intern op 25th Mar Early"]
[Site "Chess.com INT"]
[Date "2025.03.25"]
[Round "7"]
[White "Fernandez Siles, Luis"]
[Black "Nersisyan, Garnik"]
[Result "1-0"]
[WhiteElo "2169"]
[BlackElo "2035"]
[PlyCount "87"]
[EventDate "2025.03.25"]
[EventType "swiss (blitz)"]
[EventRounds "11"]
[EventCountry "USA"]
[SourceTitle "CB14_2025"]
[SourceDate "2024.11.01"]
[SourceVersion "1"]
[SourceVersionDate "2024.11.01"]
[SourceQuality "1"]

1. e4 e6 2. d4 d5 3. e5 c5 4. c3 cxd4 5. cxd4 Nc6 6. Nf3 f5 7. Nc3 Nge7 8. Bd3 Ng6 9. 0-0 Be7 10. Ne2 0-0 11. g3 a6 12. h4 b5 13. h5 Nh8 14. Nf4 Bd7 15. a4 b4 16. Bd2 g5 17. hxg6 Nxg6 18. Nh5 f4 19. Bxf4 Nxf4 20. Nxf4 Kh8 21. Kg2 Bg5 22. Nxg5 Qxg5 23. Ne2 Rf7 24. f4 Qg4 25. Rh1 Rg8 26. Rh3 Ne7 27. Rc1 Nf5 28. Bxf5 Rxf5 29. Rc7 Rf7 30. Qd3 Rgg7 31. Qxa6 Bxa4 32. Rxf7 Rxf7 33. Ng1 Bc2 34. Qc8+ Kg7 35. Qxc2 h5 36. Qe2 Rxf4 37. Qxg4+ Rxg4 38. Rxh5 Rxd4 39. Rh2 Re4 40. Nf3 Re2+ 41. Kh3 Re3 42. Kg4 Re4+ 43. Kg5 Re3 44. Rf2 1-0

[Event "Titled Tuesday intern op 25th Mar Early"]
[Site "Chess.com INT"]
[Date "2025.03.25"]
[Round "4"]
[White "Jaivardhan, Raj"]
[Black "Nersisyan, Garnik"]
[Result "0-1"]
[WhiteElo "1981"]
[BlackElo "2035"]
[PlyCount "172"]
[EventDate "2025.03.25"]
[EventType "swiss (blitz)"]
[EventRounds "11"]
[EventCountry "USA"]
[SourceTitle "CB14_2025"]
[SourceDate "2024.11.01"]
[SourceVersion "1"]
[SourceVersionDate "2024.11.01"]
[SourceQuality "1"]

1. e4 e6 2. d4 d5 3. Nd2 dxe4 4. Nxe4 Nd7 5. Nf3 Be7 6. Bd3 b6 7. Qe2 Bb7 8. Bf4 Ngf6 9. 0-0-0 Nxe4 10. Bxe4 Bxe4 11. Qxe4 0-0 12. Ne5 Nf6 13. Qf3 Qd5 14. Qb3 Qxb3 15. axb3 Bd6 16. f3 Nd5 17. Bd2 Bxe5 18. dxe5 Rfd8 19. c4 Ne7 20. Bg5 Kf8 21. Rxd8+ Rxd8 22. Bxe7+ Kxe7 23. Kc2 a5 24. Ra1 Rd4 25. Kc3 Rf4 26. b4 axb4+ 27. Kxb4 Rf5 28. Re1 Kd7 29. Re3 Kc6 30. g3 h5 31. f4 g5 32. Re4 h4 33. b3 hxg3 34. hxg3 gxf4 35. gxf4 Rh5 36. Rd4 Rh4 37. Kc3 Rh3+ 38. Rd3 Rh1 39. b4 Rf1 40. Rd4 Rf3+ 41. Kc2 Kb7 42. Kb2 Kc6 43. Kc2 Ra3 44. Kb2 Ra4 45. Kb3 Ra1 46. Kc3 b5 47. c5 Ra3+ 48. Kd2 Rf3 49. Ke2 Rh3 50. Kf2 Rb3 51. Ke2 Kb7 52. Kd2 Kc8 53. Kc2 Rg3 54. c6 Rf3 55. Kd2 Kb8 56. Ke2 Rb3 57. Rd7 Rxb4 58. Rxf7 Rc4 59. Kd3 Rxc6 60. Rf6 Kb7 61. f5 exf5 62. Rxf5 Rc5 63. Kd4 Rc4+ 64. Kd3 Rc1 65. e6 Re1 66. Rf6 b4 67. Kc4 Re4+ 68. Kb3 c6 69. Rf7+ Kb6 70. e7 Kb5 71. Rf5+ c5 72. Rf7 Re2 73. Rf2 Re3+ 74. Kc2 Rxe7 75. Rf5 Re4 76. Rd5 Kc4 77. Rd1 Rd4 78. Rc1 b3+ 79. Kb2+ Kb4 80. Rh1 c4 81. Rh8 Rd2+ 82. Kc1 Kc3 83. Rh3+ Rd3 84. Rh8 b2+ 85. Kb1 Rd1+ 86. Ka2 Ra1# 0-1

[Event "Titled Tuesday intern op 25th Mar Early"]
[Site "Chess.com INT"]
[Date "2025.03.25"]
[Round "6"]
[White "Montano Vicente, Guadalupe"]
[Black "Nersisyan, Garnik"]
[Result "1-0"]
[WhiteElo "1970"]
[BlackElo "2035"]
[PlyCount "97"]
[EventDate "2025.03.25"]
[EventType "swiss (blitz)"]
[EventRounds "11"]
[EventCountry "USA"]
[SourceTitle "CB14_2025"]
[SourceDate "2024.11.01"]
[SourceVersion "1"]
[SourceVersionDate "2024.11.01"]
[SourceQuality "1"]

1. d4 e6 2. c4 d5 3. Nc3 Nf6 4. Nf3 Bb4 5. Bg5 c5 6. e3 0-0 7. Rc1 cxd4 8. exd4 Nbd7 9. Be2 dxc4 10. Bxc4 Qa5 11. 0-0 Bxc3 12. bxc3 Ne4 13. Be7 Re8 14. Bb4 Qh5 15. Re1 Ndf6 16. h3 a5 17. Ba3 b5 18. Bd3 Bb7 19. Bb2 Ng5 20. Nxg5 Qxg5 21. Bf1 Rac8 22. Re5 Qg6 23. Rxb5 Bd5 24. c4 Bc6 25. Rxa5 Ne4 26. Qe1 Rb8 27. Bc3 Nxc3 28. Qxc3 Be4 29. Re5 f6 30. Rb5 Rbc8 31. Qe3 f5 32. f3 Bc6 33. Rc5 Qf6 34. Qe5 Qg5 35. Rc3 Qd2 36. Qe3 Qxa2 37. Re5 Bd7 38. c5 Qa1 39. Rc1 Qb2 40. Re1 Qb8 41. Qf2 Rcd8 42. Bc4 Kh8 43. Bxe6 Bxe6 44. Rxe6 Rxe6 45. Rxe6 Qb1+ 46. Re1 Qd3 47. g3 Qxd4 48. Qxd4 Rxd4 49. Re8# 1-0

[Event "Titled Tuesday intern op 25th Mar Early"]
[Site "Chess.com INT"]
[Date "2025.03.25"]
[Round "3"]
[White "Nersisyan, Garnik"]
[Black "Bournel, Antoine"]
[Result "0-1"]
[WhiteElo "2035"]
[BlackElo "2423"]
[PlyCount "106"]
[EventDate "2025.03.25"]
[EventType "swiss (blitz)"]
[EventRounds "11"]
[EventCountry "USA"]
[SourceTitle "CB14_2025"]
[SourceDate "2024.11.01"]
[SourceVersion "1"]
[SourceVersionDate "2024.11.01"]
[SourceQuality "1"]

1. e4 e5 2. Nc3 d6 3. d3 Be7 4. g3 f5 5. Bg2 Nf6 6. Nge2 0-0 7. f4 Nc6 8. 0-0 Rb8 9. fxe5 dxe5 10. h3 fxe4 11. Nxe4 Nxe4 12. dxe4 Rxf1+ 13. Qxf1 Bc5+ 14. Kh2 Be6 15. c3 Qd3 16. Bg5 Bc4 17. Ng1 Rf8 18. Qxd3 Bxd3 19. Rd1 Ba6 20. b4 Bd6 21. a4 Bc4 22. Be3 a6 23. Nf3 Be2 24. Rxd6 cxd6 25. Ng5 Bc4 26. Bb6 Ne7 27. Bc7 Rf6 28. Kg1 Be2 29. Bd8 Nc6 30. h4 Rf8 31. Bc7 Rf6 32. Bh3 h6 33. Ne6 Kf7 34. Nd8+ Nxd8 35. Bxd8 Rg6 36. Kf2 Bg4 37. Bxg4 Rxg4 38. Bc7 Ke6 39. b5 axb5 40. axb5 Rg6 41. b6 Rf6+ 42. Ke3 Rf1 43. g4 Kd7 44. g5 hxg5 45. hxg5 Rg1 46. Kd3 Rxg5 47. Kc4 Kc6 48. Kb4 Rg1 49. Kc4 g5 50. Bd8 g4 51. Bh4 g3 52. Kd3 g2 53. Kc4 Rf1 0-1

[Event "Titled Tuesday intern op 25th Mar Early"]
[Site "Chess.com INT"]
[Date "2025.03.25"]
[Round "8"]
[White "Nersisyan, Garnik"]
[Black "Coe, William R"]
[Result "1-0"]
[WhiteElo "2035"]
[BlackElo "2078"]
[PlyCount "53"]
[EventDate "2025.03.25"]
[EventType "swiss (blitz)"]
[EventRounds "11"]
[EventCountry "USA"]
[SourceTitle "CB14_2025"]
[SourceDate "2024.11.01"]
[SourceVersion "1"]
[SourceVersionDate "2024.11.01"]
[SourceQuality "1"]

1. e4 c5 2. Nc3 e6 3. d3 d5 4. g3 Nf6 5. Bg5 Be7 6. f4 dxe4 7. dxe4 Qxd1+ 8. Rxd1 a6 9. e5 Nfd7 10. Bxe7 Kxe7 11. Bg2 Ra7 12. Ne4 b6 13. Nd6 f6 14. exf6+ gxf6 15. Nxc8+ Rxc8 16. Nf3 Nc6 17. c3 Nf8 18. 0-0 Rd8 19. Rxd8 Nxd8 20. Rd1 Rd7 21. Rxd7+ Kxd7 22. Kf2 Kd6 23. Nd2 Nc6 24. Ne4+ Ke7 25. Nxc5 Na5 26. Nxa6 Nc4 27. b3 1-0

[Event "Titled Tuesday intern op 25th Mar Early"]
[Site "Chess.com INT"]
[Date "2025.03.25"]
[Round "2"]
[White "Nersisyan, Garnik"]
[Black "Salimiyan, Behzad"]
[Result "1/2-1/2"]
[WhiteElo "2035"]
[BlackElo "2233"]
[PlyCount "99"]
[EventDate "2025.03.25"]
[EventType "swiss (blitz)"]
[EventRounds "11"]
[EventCountry "USA"]
[SourceTitle "CB14_2025"]
[SourceDate "2024.11.01"]
[SourceVersion "1"]
[SourceVersionDate "2024.11.01"]
[SourceQuality "1"]

1. e4 c5 2. Nc3 a6 3. d3 b5 4. g3 Bb7 5. Bg2 g6 6. Be3 d6 7. Qd2 Nd7 8. Nge2 Ngf6 9. h3 Bg7 10. Bh6 0-0 11. Bxg7 Kxg7 12. 0-0 Qb6 13. Kh2 c4 14. a3 cxd3 15. cxd3 Nc5 16. Qe3 Rac8 17. f4 b4 18. axb4 Qxb4 19. e5 Nfd7 20. Bxb7 Qxb7 21. exd6 exd6 22. Qd4+ f6 23. Qxd6 Rfe8 24. Rf2 Re6 25. Qd5 Qxd5 26. Nxd5 Nxd3 27. Rg2 Rc2 28. Nec3 Rxg2+ 29. Kxg2 Nxb2 30. Rb1 Nd3 31. Rb7 N3c5 32. Ra7 Kh6 33. g4 Nb6 34. Nxf6 g5 35. Rxh7+ Kg6 36. f5+ Kxf6 37. fxe6 Nxe6 38. Ra7 Nc5 39. Ne4+ Nxe4 40. Rxa6 Ke5 41. Rxb6 Nc3 42. Rb8 Nd5 43. Rf8 Ke4 44. Rf5 Ne3+ 45. Kg3 Nxf5+ 46. gxf5 Kxf5 47. Kf3 Kf6 48. Kg4 Kg6 49. h4 gxh4 50. Kxh4 1/2-1/2

[Event "Titled Tuesday intern op 25th Mar Early"]
[Site "Chess.com INT"]
[Date "2025.03.25"]
[Round "11"]
[White "Nersisyan, Garnik"]
[Black "Vila Dupla, Aurelio"]
[Result "1-0"]
[WhiteElo "2035"]
[BlackElo "2056"]
[PlyCount "99"]
[EventDate "2025.03.25"]
[EventType "swiss (blitz)"]
[EventRounds "11"]
[EventCountry "USA"]
[SourceTitle "CB14_2025"]
[SourceDate "2024.11.01"]
[SourceVersion "1"]
[SourceVersionDate "2024.11.01"]
[SourceQuality "1"]

1. e4 c5 2. Nc3 d6 3. d3 Nc6 4. g3 g6 5. Bg2 Bg7 6. Be3 Rb8 7. Qd2 b5 8. Nge2 b4 9. Nd1 Qb6 10. 0-0 h5 11. h3 e6 12. f4 Nge7 13. c3 a5 14. Nf2 Ba6 15. c4 a4 16. Rad1 Bb7 17. g4 hxg4 18. hxg4 f5 19. exf5 gxf5 20. d4 cxd4 21. Nxd4 Nxd4 22. Bxd4 Bxd4 23. Qxd4 Qxd4 24. Rxd4 Bxg2 25. Kxg2 d5 26. cxd5 exd5 27. g5 Kf7 28. Nd3 a3 29. b3 Rh4 30. Rh1 Rxh1 31. Kxh1 Rc8 32. Nxb4 Rc1+ 33. Kg2 Ra1 34. Kf3 Ke6 35. Ke2 Ng6 36. Ke3 Re1+ 37. Kd2 Rf1 38. Nxd5 Rf2+ 39. Kc3 Rxa2 40. Nc7+ Ke7 41. Ra4 Ra1 42. Nb5 Rf1 43. Ra7+ Ke6 44. Ra6+ Kf7 45. Nxa3 Nxf4 46. Nc4 Nd5+ 47. Kd4 Nb4 48. Ne5+ Kg7 49. Ra7+ Kg8 50. Kc5 1-0

[Event "Titled Tuesday intern op 25th Feb Early"]
[Site "Chess.com INT"]
[Date "2025.02.25"]
[Round "1"]
[White "Ambartsumova, Karina"]
[Black "Nersisyan, Garnik"]
[Result "1-0"]
[WhiteElo "2405"]
[BlackElo "2035"]
[PlyCount "131"]
[EventDate "2025.02.25"]
[EventType "swiss (blitz)"]
[EventRounds "11"]
[EventCountry "USA"]
[SourceTitle "CB10_2025"]
[SourceDate "2025.03.05"]
[SourceVersion "1"]
[SourceVersionDate "2025.03.05"]
[SourceQuality "1"]

1. Nf3 e6 2. c4 d5 3. e3 Nf6 4. Nc3 Bb4 5. Qc2 0-0 6. b3 b6 7. Bb2 Bb7 8. Be2 Nbd7 9. 0-0 a5 10. d4 Bxc3 11. Bxc3 Ne4 12. Bb2 f5 13. Ne1 c6 14. f3 Nef6 15. Nd3 g5 16. Rad1 Qe8 17. Ne5 Nxe5 18. dxe5 Nd7 19. e4 fxe4 20. fxe4 Rxf1+ 21. Rxf1 Qg6 22. cxd5 cxd5 23. Qc7 Nc5 24. exd5 Bxd5 25. Bc1 Rf8 26. Rxf8+ Kxf8 27. Qd8+ Kf7 28. Qxg5 Qxg5 29. Bxg5 Kg6 30. Bd8 Nd7 31. Bb5 Nxe5 32. Bxb6 a4 33. Bxa4 Nd3 34. Be3 Kf5 35. Bb5 Ke4 36. Bd2 h5 37. Kf1 Kd4 38. Ke2 Nb2 39. g3 e5 40. Be8 Be6 41. Bxh5 Nd3 42. Be3+ Kc3 43. Bd2+ Kc2 44. Bg6 e4 45. Bxe4 Kb2 46. Bxd3 Kxa2 47. Bc4 Bc8 48. Ke3 Ka3 49. Kf4 Kb2 50. g4 Kc2 51. Be1 Kd1 52. Bg3 Kc2 53. h4 Bd7 54. h5 Be8 55. Kg5 Bc6 56. Kf6 Be4 57. g5 Bf3 58. h6 Bh5 59. h7 Be8 60. h8Q Bc6 61. Qh7+ Kb2 62. Be5+ Ka3 63. Qa7+ Kb4 64. Qb6+ Ka3 65. Qa5+ Ba4 66. Qxa4# 1-0

[Event "Titled Tuesday intern op 25th Feb Early"]
[Site "Chess.com INT"]
[Date "2025.02.25"]
[Round "6"]
[White "Isajevsky, Anton"]
[Black "Nersisyan, Garnik"]
[Result "1-0"]
[WhiteElo "2403"]
[BlackElo "2035"]
[PlyCount "51"]
[EventDate "2025.02.25"]
[EventType "swiss (blitz)"]
[EventRounds "11"]
[EventCountry "USA"]
[SourceTitle "CB10_2025"]
[SourceDate "2025.03.05"]
[SourceVersion "1"]
[SourceVersionDate "2025.03.05"]
[SourceQuality "1"]

1. c4 e5 2. Nf3 d6 3. Nc3 Nc6 4. d4 exd4 5. Nxd4 Nxd4 6. Qxd4 Nf6 7. g3 Bd7 8. Bg2 Bc6 9. Nd5 Bxd5 10. cxd5 Be7 11. 0-0 0-0 12. Qb4 Rb8 13. Be3 c5 14. dxc6 bxc6 15. Qd2 Qc7 16. Rac1 c5 17. b4 Rfd8 18. bxc5 dxc5 19. Qc2 Rbc8 20. Qc4 Qd6 21. Bf4 Qe6 22. Bb7 Nd5 23. Bxc8 Rxc8 24. Rfd1 Nxf4 25. Qxf4 Qxe2 26. Re1 1-0

[Event "Titled Tuesday intern op 25th Feb Early"]
[Site "Chess.com INT"]
[Date "2025.02.25"]
[Round "11"]
[White "Nersisyan, Garnik"]
[Black "Nouali, Mohamed"]
[Result "0-1"]
[WhiteElo "2035"]
[BlackElo "2157"]
[PlyCount "134"]
[EventDate "2025.02.25"]
[EventType "swiss (blitz)"]
[EventRounds "11"]
[EventCountry "USA"]
[SourceTitle "CB10_2025"]
[SourceDate "2025.03.05"]
[SourceVersion "1"]
[SourceVersionDate "2025.03.05"]
[SourceQuality "1"]

1. e4 e5 2. Nc3 Nf6 3. d3 Bc5 4. Be2 h5 5. h3 d6 6. Na4 Nc6 7. Nxc5 dxc5 8. Bg5 Be6 9. Nf3 Qd6 10. Bxf6 gxf6 11. Nh4 0-0-0 12. c3 Ne7 13. Qa4 Kb8 14. 0-0-0 Ng6 15. Nxg6 fxg6 16. h4 b6 17. g3 Rhf8 18. Rd2 f5 19. exf5 Rxf5 20. Bd1 Rdf8 21. f3 Bd5 22. d4 exd4 23. cxd4 c4 24. Re1 Kb7 25. f4 a6 26. Rde2 b5 27. Qc2 R5f6 28. Re3 Be6 29. Qd2 Bf5 30. Bf3+ Ka7 31. a3 Rd8 32. Rd1 Rff8 33. Re5 Bd3 34. d5 Qc5 35. Qe3 Qxe3+ 36. Rxe3 Kb6 37. b3 Kc5 38. Kb2 Rd6 39. Kc3 a5 40. b4+ Kb6 41. Re6 Ra8 42. Rxd6+ cxd6 43. Kd4 axb4 44. axb4 Ra4 45. g4 hxg4 46. Bxg4 Rxb4 47. Ke3 Rb3 48. Kd4 Bf5 49. Bxf5 gxf5 50. h5 Rh3 51. h6 Rxh6 52. Ke3 Rh3+ 53. Ke2 Kc5 54. Rb1 Rb3 55. Rd1 Rd3 56. Ra1 Rxd5 57. Ra6 b4 58. Ra8 Kd4 59. Rb8 b3 60. Kf3 Rc5 61. Ke2 d5 62. Kd2 Rc6 63. Kc1 Rh6 64. Kb2 Rh2+ 65. Kb1 Kc3 66. Rh8 Rxh8 67. Kc1 Rh1# 0-1